Vzdělávání manažerů v době krize
Efektívne a dobre organizované vzdelávanie. Rast záujmu o vzdelávanie na pracovisku. Koučing a mentoring. Účasť na projektoch. Rotácia práce. Investícia do vzdelávania pracovníkov. Zvyšovanie individuálneho, tímového a podnikového výkonu.
Saved in:
| Main Author: | |
|---|---|
| Format: | Book Chapter |
| Language: | Czech |
| Subjects: | |
| Tags: |
No Tags, Be the first to tag this record!
|
MARC
| LEADER | 00000naa a2200000 4500 | ||
|---|---|---|---|
| 001 | 0151192 | ||
| 005 | 20231211073305.6 | ||
| 041 | 0 | |a cze | |
| 044 | |a CZ | ||
| 245 | 1 | 0 | |a Vzdělávání manažerů v době krize |c Šárka Horňáková |
| 520 | |a Efektívne a dobre organizované vzdelávanie. Rast záujmu o vzdelávanie na pracovisku. Koučing a mentoring. Účasť na projektoch. Rotácia práce. Investícia do vzdelávania pracovníkov. Zvyšovanie individuálneho, tímového a podnikového výkonu. | ||
| 610 | 2 | 0 | |a vzdelávanie |
| 610 | 2 | 0 | |a koučovanie |
| 610 | 2 | 0 | |a manažéri |
| 610 | 2 | 0 | |a pracovníci |
| 610 | 2 | 0 | |a firmy |
| 610 | 2 | 0 | |a efektívnosť |
| 610 | 2 | 0 | |a výkony pracovné |
| 100 | 1 | |a Horňáková, Šárka | |